| 000 | 00497nam a22001817a 4500 | ||
|---|---|---|---|
| 005 | 20250714103657.0 | ||
| 008 | 250714b |||||||| |||| 00| 0 eng d | ||
| 020 | _a978-1-111-97159-5 | ||
| 100 | _aSOBEL RUSSELL S. | ||
| 245 | _aUNDERSTANDING ECONOMICS | ||
| 250 | _a14TH ED. | ||
| 260 |
_aNEW YORK _bCENGAGE _c2013 |
||
| 300 | _aXXVII,884P. | ||
| 500 | _aINCLUDES AN INDEX | ||
| 650 | _aECONOMICS | ||
| 700 | _aJAMES GWARTNEY D. RICHARD L. STROUP, DAVID A. MACPHERSON | ||
| 942 |
_2lcc _cBK |
||
| 999 |
_c215893 _d215893 |
||